UBT Library

PATTERNS FOR COLLEGE WRITING (Record no. 59231)

000 -LEADER
fixed length control field 00340nam a22001457a 4500
008 - FIXED-LENGTH DATA ELEMENTS--GENERAL INFORMATION
fixed length control field 230112b ||||| |||| 00| 0 eng d
020 ## - INTERNATIONAL STANDARD BOOK NUMBER
International Standard Book Number 9781457699511
041 ## - LANGUAGE CODE
Language code of text/sound track or separate title eng
080 ## - UNIVERSAL DECIMAL CLASSIFICATION NUMBER
Edition identifier BRIEF EDITION
Universal Decimal Classification number 39
082 ## - DEWEY DECIMAL CLASSIFICATION NUMBER
Classification number 39
100 ## - Rafti
Rafti 32
101 ## - Shkurtesa
Shkurtesa LITERATURE
245 ## - TITLE STATEMENT
Title PATTERNS FOR COLLEGE WRITING
Statement of responsibility, etc KIRSZNER G.L
942 ## - ADDED ENTRY ELEMENTS (KOHA)
Source of classification or shelving scheme
Item type Books

No items available.

UBT Library © 2015-2024. All rights reserved University Education for Business and Technology